Pokémon Movesets Generation 3 - Statistics

General Stats
  • This quiz has been taken 3 times
  • The average score is 28 of 69
Answer Stats
Pokemon Level Move Type Power Accuracy PP % Correct
Beautifly 1 Absorb Grass 20 100% 20
100%
Beautifly 10 Absorb Grass 20 100% 20
100%
Seviper 10 Bite Dark 60 100% 25
100%
Mightyena 1 Bite Dark 60 100% 25
100%
Mightyena 13 Bite Dark 60 100% 25
100%
Seviper 28 Crunch Dark 80 100% 15
100%
Mightyena 47 Crunch Dark 80 100% 15
100%
Beautifly 38 Giga Drain Grass 60 100% 5
100%
Sealeo 1 Growl Normal - 100% 40
100%
Beautifly 13 Gust Flying 40 100% 35
100%
Beautifly 24 Mega Drain Grass 40 100% 10
100%
Mightyena 1 Tackle Normal 35 95% 35
100%
Whismur 11 Astonish Ghost 30 100% 15
67%
Sealeo 47 Blizzard Ice 120 70% 5
67%
Seviper 25 Glare Normal - 75% 30
67%
Sealeo 31 Hail Ice - -% 10
67%
Mightyena 1 Howl Normal - -% 40
67%
Mightyena 5 Howl Normal - -% 40
67%
Whismur 15 Howl Normal - -% 40
67%
Sealeo 13 Ice Ball Ice 30 90% 20
67%
Seviper 7 Lick Ghost 20 100% 30
67%
Seviper 16 Poison Tail Poison 50 100% 25
67%
Sealeo 1 Powder Snow Ice 40 100% 25
67%
Beautifly 17 Stun Spore Grass - 75% 30
67%
Sealeo 1 Water Gun Water 40 100% 25
67%
Sealeo 25 Aurora Beam Ice 65 100% 20
33%
Sealeo 19 Body Slam Normal 85 100% 15
33%
Nuzleaf 49 Extrasensory Psychic 80 100% 30
33%
Nuzleaf 31 Faint Attack Normal 60 -% 20
33%
Nuzleaf 3 Harden Normal - -% 30
33%
Seviper 43 Haze Ice - -% 30
33%
Whismur 45 Hyper Voice Normal 90 100% 10
33%
Mightyena 17 Odor Sleuth Normal - 100% 40
33%
Seviper 34 Poison Fang Poison 50 100% 15
33%
Nuzleaf 1 Pound Normal 40 100% 35
33%
Whismur 1 Pound Normal 40 100% 35
33%
Nuzleaf 37 Razor Wind Normal 80 100% 10
33%
Mightyena 22 Roar Normal - 100% 20
33%
Whismur 35 Roar Normal - 100% 20
33%
Mightyena 1 Sand-Attack Ground - 100% 15
33%
Mightyena 9 Sand-Attack Ground - 100% 15
33%
Mightyena 32 Scary Face Normal - 85% 10
33%
Seviper 19 Screech Normal - 85% 40
33%
Whismur 31 Screech Normal - 85% 40
33%
Sealeo 55 Sheer Cold Ice - 30% 5
33%
Whismur 21 Supersonic Normal - 55% 20
33%
Mightyena 37 Take Down Normal 90 85% 20
33%
Whismur 5 Uproar Normal 50 100% 10
33%
Beautifly 31 Attract Normal - 100% 15
0%
Sealeo 1 Encore Normal - 100% 5
0%
Sealeo 7 Encore Normal - 100% 5
0%
Nuzleaf 19 Fake Out Normal 40 100% 10
0%
Nuzleaf 7 Growth Normal - -% 40
0%
Beautifly 20 Morning Sun Normal - -% 5
0%
Nuzleaf 13 Nature Power Normal - -% 20
0%
Sealeo 39 Rest Psychic - -% 10
0%
Whismur 41 Rest Psychic - -% 10
0%
Beautifly 34 Silver Wind Bug 60 100% 5
0%
Whismur 41 Sleep Talk Normal - -% 10
0%
Sealeo 39 Snore Normal 40 100% 15
0%
Whismur 25 Stomp Normal 65 100% 20
0%
Nuzleaf 43 Swagger Normal - 90% 15
0%
Seviper 37 Swagger Normal - 90% 15
0%
Mightyena 27 Swagger Normal - 90% 15
0%
Mightyena 42 Taunt Dark - 100% 20
0%
Mightyena 52 Thief Dark 40 100% 10
0%
Nuzleaf 25 Torment Dark - 100% 15
0%
Beautifly 27 Whirlwind Normal - 100% 20
0%
Seviper 1 Wrap Normal 15 85% 20
0%
No matching quizzes found
Score Distribution
Percent of People with Each Score
Percentile by Number Answered
Your Score History
You have not taken this quiz